Revenue Statistics in Asian Countries Trends in Indonesia, Japan, Kazakhstan, Korea, Malaysia, the Philippines and Singapore

Gespeichert in:
Bibliographische Detailangaben
Format: Buch
Sprache:Englisch
Veröffentlicht: Paris OECD 2017
Schlagworte:
Tags: Tag hinzufügen
Keine Tags, Fügen Sie das erste Tag hinzu!

MARC

LEADER 00000nam a2200000 4500
001 0241323
005 20240314123441.3
020 |a 978-92-64-27893-6 
041 0 |a eng 
044 |a FR 
245 1 0 |a Revenue Statistics in Asian Countries  |b Trends in Indonesia, Japan, Kazakhstan, Korea, Malaysia, the Philippines and Singapore 
264 1 |a Paris  |b OECD  |c 2017 
300 |a 102 s. 
610 2 0 |a dane 
610 2 0 |a politika daňová 
610 2 0 |a porovnanie štatistické medzinárodné 
610 2 0 |a Ázia 
610 2 0 |a Indonézia 
610 2 0 |a Japonsko 
610 2 0 |a Kazachstan 
610 2 0 |a Kórea 
610 2 0 |a Malajzia 
610 2 0 |a Filipíny 
610 2 0 |a Singapur